Sociología del conocimiento científico / (Record no. 98381)

MARC details
000 -LEADER
campo de control de longitud fija 00642nam a2200205 4500
001 - NÚMERO DE CONTROL
campo de control 16623
005 - FECHA Y HORA DE LA ÚLTIMA TRANSACCIÓN
campo de control 20230410143250.0
008 - DATOS DE LONGITUD FIJA--INFORMACIÓN GENERAL
campo de control de longitud fija 060907n1999 dr spa
020 ## - NÚMERO INTERNACIONAL ESTÁNDAR DEL LIBRO
Número Internacional Estándar del Libro 8474762715
035 ## - NÚMERO DE CONTROL DEL SISTEMA
-- funglode16757
041 ## - CÓDIGO DE IDIOMA
Código de lengua del texto/banda sonora o título independiente ES
050 14 - SIGNATURA TOPOGRÁFICA DE LA BIBLIOTECA DEL CONGRESO
Número de clasificación LEWIS
100 ## - ENTRADA PRINCIPAL--NOMBRE DE PERSONA
Nombre de persona Iranzo Amatriaín, Juan Manuel
245 1# - MENCIÓN DEL TÍTULO
Título Sociología del conocimiento científico /
Mención de responsabilidad, etc. Juan Manuel Iranzo Amatriaín, José Rubén Blanco Merlo
260 ## - PUBLICACIÓN, DISTRIBUCIÓN, ETC.
Lugar de publicación, distribución, etc. Madrid :
Nombre del editor, distribuidor, etc. Centro de Investigaciones Sociológicas,
Fecha de publicación, distribución, etc. 1999
300 ## - DESCRIPCIÓN FÍSICA
Extensión 438 p.
700 ## - ENTRADA AGREGADA--NOMBRE PERSONAL
Nombre de persona Blanco Merlo, José Rubén
710 ## - ENTRADA AGREGADA--NOMBRE DE ENTIDAD CORPORATIVA
Nombre de entidad corporativa o nombre de jurisdicción como elemento de entrada Centro de Investigaciones Sociológicas
942 ## - ELEMENTOS DE ENTRADA SECUNDARIOS (KOHA)
Fuente del sistema de clasificación o colocación Clasificación de Library of Congress
Tipo de ítem Koha
Holdings
Estatus retirado Estado de pérdida Fuente del sistema de clasificación o colocación Estado de daño No para préstamo Colección Biblioteca de origen Biblioteca actual Ubicación en estantería Fecha de adquisición Signatura topográfica completa Código de barras Visto por última vez Copia número Tipo de ítem Koha
    Clasificación de Library of Congress     Automatización y Procesos Técnicos Biblioteca Juan Bosch Biblioteca Juan Bosch Automatización y Procesos Técnicos (1er. Piso) 21/01/2019 LEWIS 00000013551 21/01/2019 1